Reivindicaciones en arte rupestre de la península ibérica / (Record no. 38015)

MARC details
000 -LEADER
campo de control de longitud fija 00862nam a2200217 i 4500
001 - NÚMERO DE CONTROL
campo de control 38015
003 - IDENTIFICADOR DE NÚMERO DE CONTROL
campo de control ES-MaACL
005 - FECHA Y HORA DE LA ÚLTIMA TRANSACCIÓN
campo de control 20260203063030.0
007 - CAMPO FIJO DE DESCRIPCIÓN FÍSICA--INFORMACIÓN GENERAL
campo de control de longitud fija t|
008 - DATOS DE LONGITUD FIJA--INFORMACIÓN GENERAL
campo de control de longitud fija 030224s1921 sp a |||| | spa d
100 1# - ENTRADA PRINCIPAL--NOMBRE DE PERSONA
Nombre de persona Cabré Aguiló, Juan,
Fechas asociadas al nombre 1882-1947
9 (RLIN) 33266
245 10 - MENCIÓN DEL TÍTULO
Título Reivindicaciones en arte rupestre de la península ibérica /
Mención de responsabilidad, etc. Juan Cabré Aguiló.
260 ## - PUBLICACIÓN, DISTRIBUCIÓN, ETC.
Lugar de publicación, distribución, etc. Madrid :
Nombre del editor, distribuidor, etc. [s.n.,
Fecha de publicación, distribución, etc. 1921] (
Fabricante Gráf. Reunidas)
300 ## - DESCRIPCIÓN FÍSICA
Extensión 14 p. :
Otras características físicas il. ;
Dimensiones 30 cm.
594 ## - Nota al título y mención de responsabilidad
Nota al título y mención de responsabilidad Ponencia del día 30 de junio de 1921, en el Congreso de la Asociación Española para el Progreso de las Ciencias, celebrado en Oporto.
650 #4 - PUNTO DE ACCESO ADICIONAL DE MATERIA--TÉRMINO DE MATERIA
Término de materia o nombre geográfico como elemento de entrada Pintura rupestre-
Subdivisión geográfica España.
9 (RLIN) 16082
650 #4 - PUNTO DE ACCESO ADICIONAL DE MATERIA--TÉRMINO DE MATERIA
Término de materia o nombre geográfico como elemento de entrada Arte prehistórico-
Subdivisión geográfica España.
9 (RLIN) 151265
710 2# - ENTRADA AGREGADA--NOMBRE DE ENTIDAD CORPORATIVA
Nombre de entidad corporativa o nombre de jurisdicción como elemento de entrada Asociación Española para el Progreso de las Ciencias.
9 (RLIN) 1705
852 ## - LOCALIZACIÓN
Ubicación ES-MaACL
Número de control de estantería 1654-F-7
Holdings
Estatus retirado Estado de pérdida Estado de daño No para préstamo Colección Biblioteca de origen Biblioteca actual Ubicación en estantería Fecha de adquisición Fuente de adquisición Total de préstamos Signatura topográfica completa Código de barras Visto por última vez Precio de reemplazo Tipo de ítem Koha
        Colección de folletos Biblioteca del Ateneo de Madrid Biblioteca del Ateneo de Madrid Depósito folletos 17/01/2008     1654-F-7 1040025 23/02/2023 23/02/2023 Folleto